[Event "DVM U12 2013"]
[Site "Lichtenfels-Schney GER"]
[Date "2013.12.28"]
[Round "3"]
[White "Wiemann, Vanessa"]
[Black "Browning, Rebecca"]
[Result "0-1"]
[Termination "normal"]
[Board "5.4"]
[WhiteElo "977"]
[BlackElo "1090"]
[WhiteTeam "SV Seubelsdorf"]
[BlackTeam "Märkischer Springer Halver-Schalksmühle"]
[WhiteFideId "12942987"]
[BlackFideId "12984027"]
[EventCountry "GER"]
[EventRounds "7"]
[EventType "team-swiss"]
[EventDate "2013.12.26"]

1. e4 e6 2. d4 b6 3. Nc3 Bb7 4. Nf3 Bb4 5. Bd3 Be7 6. Be3 d6 7. d5 c5 8. dxc6
Nxc6 9. Bb5 a6 10. Bxc6+ Bxc6 11. Bd4 Nf6 12. Qe2 e5 13. Be3 O-O 14. Bd2 b5 15.
Bg5 b4 16. Bxf6 Bxf6 17. Nd5 Bb5 18. Qe3 Rc8 19. Nxb4 a5 20. Nd3 Rxc2 21. Rb1
h6 22. O-O Bg5 23. Nxg5 Qxg5 24. Qxg5 hxg5 25. Rfd1 Rfc8 26. h3 Re2 27. a3 Rcc2
28. b4 axb4 29. axb4 Rxe4 30. Ra1 Ree2 31. Ra5 Bxd3 32. Rxd3 Rxf2 33. Ra8+ Kh7
34. Rg3 f6 35. b5 Rfd2 36. b6 Rb2 37. Rb8 d5 38. b7 d4 39. Kh2 d3 40. Kg1 Rd1+
41. Kh2 Rbb1 42. Re3 d2 43. Rd3 Rh1+ 44. Kg3 d1=Q 45. Rxd1 Rhxd1 46. Kf3 Rb3+
47. Ke4 Rdb1 48. Kf5 Rxb7 49. Rxb7 Rxb7 50. g4 Rb6 51. Ke4 g6 52. Kf3 f5 53.
gxf5 gxf5 54. Kg3 Rb3+ 55. Kh2 f4 56. Kg2 e4 57. Kh2 Rb2+ 58. Kh1 e3 59. Kg1 f3
60. Kf1 Rb1# 0-1

[Event "DVM U12 2013"]
[Site "Lichtenfels-Schney GER"]
[Date "2013.12.28"]
[Round "3"]
[White "Kühner, Tobias"]
[Black "Dathe, Frederick"]
[Result "1-0"]
[Termination "normal"]
[Board "6.1"]
[WhiteElo "1740"]
[BlackElo "1521"]
[WhiteTeam "SK Bickenbach"]
[BlackTeam "Schachunion Berlin"]
[WhiteFideId "12973815"]
[BlackFideId "12963070"]
[EventCountry "GER"]
[EventRounds "7"]
[EventType "team-swiss"]
[EventDate "2013.12.26"]

1. d4 d5 2. c4 e6 3. Nc3 Nf6 4. Bg5 Be7 5. Nf3 Nbd7 6. c5 O-O 7. e3 c6 8. Bd3
b6 9. b4 bxc5 10. bxc5 Qa5 11. Qd2 Ba6 12. O-O Bxd3 13. Qxd3 Rab8 14. Rfb1 Qa3
15. Ne5 Rxb1+ 16. Rxb1 Nb8 17. Nxd5 Qxd3 18. Nxe7+ Kh8 19. Nxd3 Re8 20. Ne5 1-0

[Event "DVM U12 2013"]
[Site "Lichtenfels-Schney GER"]
[Date "2013.12.28"]
[Round "3"]
[White "Hommel, Niclas"]
[Black "Riemann, Jonas"]
[Result "1-0"]
[Termination "normal"]
[Board "6.2"]
[WhiteElo "1572"]
[BlackElo "1200"]
[WhiteTeam "Schachunion Berlin"]
[BlackTeam "SK Bickenbach"]
[WhiteFideId "12974927"]
[BlackFideId "12977462"]
[EventCountry "GER"]
[EventRounds "7"]
[EventType "team-swiss"]
[EventDate "2013.12.26"]

1. e4 e6 2. d4 d5 3. exd5 exd5 4. Nf3 Nf6 5. Bd3 Be7 6. c3 O-O 7. O-O Nc6 8.
Be3 Bd7 9. Bc2 Re8 10. Qd3 Bg4 11. Ng5 g6 12. Bc1 Bd6 13. Nf3 Qd7 14. Qd1 Bf5
15. Nbd2 Rad8 16. b3 Nb8 17. Bb2 c6 18. Qb1 Bxc2 19. Qxc2 Qc7 20. h3 Nbd7 21.
Rfe1 Nf8 22. Nf1 Ne6 23. Qd2 Ne4 24. Qc1 Bf4 25. Qc2 Bd6 26. c4 Nf6 27. cxd5
Nxd5 28. Ne5 Bxe5 29. dxe5 Re7 30. Ne3 Nxe3 31. Rxe3 Rde8 32. Rae1 Ng7 33. Qc3
Nf5 34. e6 f6 35. Qxf6 Ng7 36. Ba3 c5 37. b4 b6 38. bxc5 bxc5 39. Bb2 Rf8 40.
Qc3 Rfe8 41. a3 Rxe6 42. Rxe6 Rxe6 43. Rxe6 Qd7 44. Re1 h5 45. Qxg7+ Qxg7 46.
Bxg7 Kxg7 47. Rc1 Kh6 48. Rxc5 Kg7 49. Rc7+ Kf6 50. Rxa7 Ke5 51. Kf1 Kd4 52.
Rg7 Ke5 53. Rxg6 Kf5 54. a4 Kxg6 55. a5 Kf6 56. a6 Ke5 57. a7 Ke4 58. a8=Q+ Ke5
59. Qa4 h4 60. Ke2 Kd5 61. Kd3 Ke5 62. Qe4+ Kd6 63. Qf5 Kc6 64. Qe5 Kb6 65. Qd5
Ka6 66. Qb3 Ka5 67. Kc4 Ka6 68. Qb8 Ka5 69. Qb5# 1-0

[Event "DVM U12 2013"]
[Site "Lichtenfels-Schney GER"]
[Date "2013.12.28"]
[Round "3"]
[White "Kalina, Joshua"]
[Black "Bär, Leon David"]
[Result "1/2-1/2"]
[Termination "normal"]
[Board "6.4"]
[WhiteElo "1111"]
[BlackElo "1051"]
[WhiteTeam "Schachunion Berlin"]
[BlackTeam "SK Bickenbach"]
[BlackFideId "16200802"]
[EventCountry "GER"]
[EventRounds "7"]
[EventType "team-swiss"]
[EventDate "2013.12.26"]

1. e4 e5 2. Nf3 d6 3. d4 Bg4 4. dxe5 Nd7 5. exd6 Bxd6 6. Be2 Bxf3 7. Bxf3 Ne5
8. Nc3 Bc5 9. Bf4 Nxf3+ 10. Qxf3 Ne7 11. Rd1 Qc8 12. O-O h5 13. Bg5 h4 14. h3
Qe6 15. Nb5 Rc8 16. Qf4 Bd6 17. Nxd6+ cxd6 18. Rxd6 Qxa2 19. Bxe7 Kxe7 20. Qe5+
Kf8 21. Rfd1 Re8 22. Rd8 Qe6 23. Rxe8+ Qxe8 24. Qc5+ Kg8 25. Qd5 b6 26. Qd8
Qxd8 27. Rxd8+ Kh7 28. Rxh8+ Kxh8 29. Kf1 g5 30. g4 Kg7 31. Ke2 Kf6 32. Ke3 Ke5
33. c3 b5 34. b4 a6 35. Kf3 Ke6 36. Ke3 Ke5 37. Kf3 Ke6 38. Ke2 Kd6 39. Kd3 Ke5
40. Ke3 f6 41. f3 Ke6 42. Kd4 Kd6 43. c4 bxc4 44. Kxc4 Kc6 45. Kc3 Kb6 46. Kb2
Kc6 47. Ka3 Kb5 48. Kb3 Kc6 49. Ka4 Kb6 50. Ka3 Kb5 51. Kb3 Kc6 52. Kc4 Kb6 53.
Kb3 1/2-1/2

[Event "DVM U12 2013"]
[Site "Lichtenfels-Schney GER"]
[Date "2013.12.28"]
[Round "3"]
[White "Wiesner, Alexander"]
[Black "Grimm, Ling Leander"]
[Result "1/2-1/2"]
[Termination "normal"]
[Board "7.1"]
[WhiteElo "1728"]
[BlackElo "1519"]
[WhiteTeam "Karlsruher SF 1853"]
[BlackTeam "SK Bebenhausen"]
[WhiteFideId "12943991"]
[BlackFideId "12968277"]
[EventCountry "GER"]
[EventRounds "7"]
[EventType "team-swiss"]
[EventDate "2013.12.26"]

1. e4 c5 2. Nf3 Nc6 3. d4 cxd4 4. Nxd4 g6 5. c4 d6 6. Nc3 Nf6 7. Be2 Bg7 8. Be3
O-O 9. O-O Bd7 10. Qd2 Nxd4 11. Bxd4 Bc6 12. f3 e6 13. Rad1 Qe7 14. Qe3 b6 15.
Qf2 Rad8 16. Rd2 Rfe8 17. Rfd1 Rd7 18. Bf1 Rc8 19. Be3 Rcd8 20. Bg5 h6 21. Bh4
g5 22. Bg3 Nh5 23. f4 Nxg3 24. Qxg3 gxf4 25. Qxf4 Qg5 26. Qf3 Qf6 27. Qd3 Qg5
28. Qf3 Qf6 29. Qd3 Qg5 30. Qf3 1/2-1/2

[Event "DVM U12 2013"]
[Site "Lichtenfels-Schney GER"]
[Date "2013.12.28"]
[Round "3"]
[White "Freiherr von Hauff, Christopher"]
[Black "Koll, Lukas"]
[Result "1-0"]
[Termination "normal"]
[Board "7.2"]
[WhiteElo "1388"]
[BlackElo "1602"]
[WhiteTeam "SK Bebenhausen"]
[BlackTeam "Karlsruher SF 1853"]
[WhiteFideId "16200691"]
[BlackFideId "12969737"]
[EventCountry "GER"]
[EventRounds "7"]
[EventType "team-swiss"]
[EventDate "2013.12.26"]

1. e4 e5 2. f4 Bc5 3. Nf3 exf4 4. d4 Bb6 5. Bxf4 d6 6. c3 Nf6 7. Nbd2 Bg4 8.
Bc4 Bxf3 9. Qxf3 c6 10. O-O h6 11. Rae1 Bc7 12. e5 dxe5 13. Bxe5 Bxe5 14. Rxe5+
Kf8 15. Ne4 Nbd7 16. Rf5 Qe7 17. Nxf6 Nxf6 18. Re5 Qd7 19. Rfe1 Re8 20. Rxe8+
Nxe8 21. Rf1 Nf6 22. Qf4 Qd8 23. h4 h5 24. Qe5 a6 25. Re1 Kg8 26. Qe7 Qxe7 27.
Rxe7 Kh7 28. Rxf7 Rb8 29. Kf2 a5 30. a3 c5 31. d5 b5 32. Bd3+ Kg8 33. Rc7 c4
34. Bf5 Nxd5 35. Be6+ Kh7 36. Bxd5 b4 37. axb4 axb4 38. Rxc4 bxc3 39. bxc3 Rb5
40. Bf3 g5 41. Ke3 gxh4 42. Rxh4 Kg6 43. Rxh5 Rb3 44. Kd4 Rb8 45. c4 Rd8+ 46.
Rd5 Rc8 47. c5 Kf7 48. Rd7+ Ke8 49. c6 Ra8 50. Bh5+ Kf8 51. c7 Ra4+ 52. Kc3
Ra3+ 53. Kb4 Rb3+ 1-0

[Event "DVM U12 2013"]
[Site "Lichtenfels-Schney GER"]
[Date "2013.12.28"]
[Round "3"]
[White "Weimert, Miriam"]
[Black "Mantel, Ruben"]
[Result "0-1"]
[Termination "normal"]
[Board "8.1"]
[WhiteElo "1390"]
[BlackElo "1645"]
[WhiteTeam "SG Turm Leipzig"]
[BlackTeam "Spvg Zabo-Eintracht Nürnberg"]
[WhiteFideId "12966703"]
[BlackFideId "12930121"]
[EventCountry "GER"]
[EventRounds "7"]
[EventType "team-swiss"]
[EventDate "2013.12.26"]

1. e4 e6 2. d4 d5 3. e5 c5 4. c3 Nc6 5. Nf3 Qb6 6. a3 c4 7. Nbd2 Bd7 8. Rb1 Na5
9. b3 cxb3 10. Nxb3 Ba4 11. Nfd2 Rc8 12. Qc2 Ne7 13. Qb2 Nec6 14. Bd3 Be7 15.
O-O O-O 16. Re1 a6 17. Nxa5 Qxb2 18. Bxb2 Nxa5 19. Bc1 Rxc3 20. Re3 Rfc8 21.
Bb2 R3c7 22. Rh3 Bc2 23. Bxc2 Rxc2 24. Rd3 Bg5 25. Nf1 Nc4 26. Rc3 Nxb2 27.
Rxc8+ Rxc8 28. Rxb2 b5 29. g3 g6 30. Nd2 Bxd2 31. Rxd2 Rc3 32. Ra2 Rd3 33. Kf1
Rxd4 34. f4 Ra4 35. Ke2 b4 36. Kd2 Rxa3 37. Rxa3 bxa3 38. Kc2 d4 0-1

[Event "DVM U12 2013"]
[Site "Lichtenfels-Schney GER"]
[Date "2013.12.28"]
[Round "3"]
[White "Plato, Laurenz"]
[Black "Lieberwirth, Kasimir"]
[Result "0-1"]
[Termination "normal"]
[Board "8.2"]
[WhiteElo "1402"]
[BlackElo "1457"]
[WhiteTeam "Spvg Zabo-Eintracht Nürnberg"]
[BlackTeam "SG Turm Leipzig"]
[BlackFideId "12988146"]
[EventCountry "GER"]
[EventRounds "7"]
[EventType "team-swiss"]
[EventDate "2013.12.26"]

1. e4 c5 2. Nc3 Nc6 3. g3 d6 4. Bg2 g6 5. d3 Bg7 6. Bd2 Nf6 7. Bf4 Bg4 8. Bf3
h5 9. Nce2 Qd7 10. h3 Bxf3 11. Nxf3 O-O 12. Nh4 d5 13. e5 Ne8 14. Ng1 d4 15. g4
g5 16. Nf5 gxf4 17. Nxg7 Qd5 18. Qf3 Qxf3 19. Nxf3 hxg4 20. hxg4 Kxg7 {Nicht
weiter rekonstruierbar} 0-1

[Event "DVM U12 2013"]
[Site "Lichtenfels-Schney GER"]
[Date "2013.12.28"]
[Round "3"]
[White "Hummel, Jeremias"]
[Black "Hildermann, Christopher"]
[Result "1-0"]
[Termination "normal"]
[Board "8.3"]
[WhiteElo "1237"]
[BlackElo "1028"]
[WhiteTeam "SG Turm Leipzig"]
[BlackTeam "Spvg Zabo-Eintracht Nürnberg"]
[EventCountry "GER"]
[EventRounds "7"]
[EventType "team-swiss"]
[EventDate "2013.12.26"]

1. e4 e5 2. d4 exd4 3. Bc4 Nc6 4. c3 Ne5 5. Bb3 c5 6. cxd4 cxd4 7. Qxd4 Nc6 8.
Qd5 Nh6 9. Bxh6 Bb4+ 10. Bd2 O-O 11. Nc3 Qf6 12. Nge2 d6 13. Bg5 Qg6 14. Nf4
Bxc3+ 15. bxc3 Be6 16. Nxg6 Bxd5 17. Nxf8 Bxb3 18. axb3 Rxf8 19. O-O Re8 20. f3
h6 21. Be3 a5 22. Rfd1 Rd8 23. Bb6 Rd7 24. Bxa5 h5 25. c4 g6 26. Bc3 b6 27.
Ra8+ Kh7 28. Rh8# 1-0

[Event "DVM U12 2013"]
[Site "Lichtenfels-Schney GER"]
[Date "2013.12.28"]
[Round "3"]
[White "Hildermann, Richard"]
[Black "Buschmann, Julius"]
[Result "0-1"]
[Termination "normal"]
[Board "8.4"]
[WhiteElo "983"]
[BlackElo "1230"]
[WhiteTeam "Spvg Zabo-Eintracht Nürnberg"]
[BlackTeam "SG Turm Leipzig"]
[BlackFideId "16255895"]
[EventCountry "GER"]
[EventRounds "7"]
[EventType "team-swiss"]
[EventDate "2013.12.26"]

1. e4 e5 2. Nf3 Nc6 3. Nc3 Bc5 4. Bc4 Nf6 5. d3 d6 6. O-O Bg4 7. h3 Be6 8. Bxe6
fxe6 9. Nb5 a6 10. Nc3 O-O 11. Na4 Ba7 12. Kh1 d5 13. Ng5 Qd7 14. Nc3 h6 15.
Nf3 Rad8 16. Qd2 Qe7 17. Qe2 Nd4 18. Qe3 Bb6 19. Nxe5 Kh7 20. Qd2 dxe4 21. dxe4
Nf3 22. Qf4 Nxe5 23. Qxe5 Nd7 24. Qg3 Qb4 25. a3 Qc4 26. Bf4 Nf6 27. f3 Nh5 28.
Qh4 Nxf4 29. Rad1 Rxd1 30. Rxd1 Ng6 31. Qg3 c6 32. Qg4 Rd8 33. Re1 Ba5 34. Qg3
Bxc3 35. bxc3 Qxc3 36. Rb1 Qc5 37. Qc7 Qe7 38. Qa5 e5 39. c4 Rd4 40. c5 Rc4 41.
Rd1 Qxc5 42. Qc7 Rc1 43. Rxc1 Qxc1+ 44. Kh2 Qe1 45. Qxb7 Qf2 46. Qb1 Nf4 47.
Qg1 Qxg1+ 48. Kxg1 Kg6 49. Kf2 Kf6 50. h4 Ke6 51. Kg3 c5 52. Kf2 c4 53. g3 c3
54. Ke1 Kd6 55. gxf4 exf4 56. Ke2 g5 57. hxg5 h5 58. g6 Ke6 59. e5 h4 60. g7
Kf7 61. e6+ Kxg7 62. e7 Kf7 0-1

[Event "DVM U12 2013"]
[Site "Lichtenfels-Schney GER"]
[Date "2013.12.28"]
[Round "3"]
[White "Garbuz, Vitaliy"]
[Black "Klein, Sebastian"]
[Result "1-0"]
[Termination "normal"]
[Board "9.1"]
[WhiteElo "1555"]
[BlackElo "1331"]
[WhiteTeam "SF Dortmund-Brackel 1930"]
[BlackTeam "SR Spaichingen"]
[WhiteFideId "12990710"]
[BlackFideId "16200845"]
[EventCountry "GER"]
[EventRounds "7"]
[EventType "team-swiss"]
[EventDate "2013.12.26"]

1. e4 a6 2. d4 b5 3. c4 Bb7 4. f3 bxc4 5. Bxc4 g6 6. Be3 Bg7 7. Nc3 Nc6 8. Nge2
Nf6 9. Qd2 O-O 10. O-O e5 11. Rfd1 d6 12. Rac1 Nd7 13. a3 Na5 14. Ba2 Nb6 15.
Nb1 Nc6 16. b4 Rc8 17. Nbc3 Qd7 18. dxe5 Nxe5 19. Bxb6 cxb6 20. Qxd6 Qxd6 21.
Rxd6 Rc6 22. Rxc6 Bxc6 23. Nd5 Bb5 24. Rc2 Nd7 25. Bc4 Ba4 26. Rd2 b5 27. Ba2
Ne5 28. Nb6 Nc6 29. Nxa4 bxa4 30. Bc4 Ra8 31. Rd6 Nb8 32. Rd8+ Bf8 33. Bd5 1-0

[Event "DVM U12 2013"]
[Site "Lichtenfels-Schney GER"]
[Date "2013.12.28"]
[Round "3"]
[White "Zetto, Lukas"]
[Black "Kartsev, Nikolaj"]
[Result "1/2-1/2"]
[Termination "normal"]
[Board "9.2"]
[WhiteElo "1311"]
[BlackElo "1581"]
[WhiteTeam "SR Spaichingen"]
[BlackTeam "SF Dortmund-Brackel 1930"]
[WhiteFideId "16261747"]
[BlackFideId "12939536"]
[EventCountry "GER"]
[EventRounds "7"]
[EventType "team-swiss"]
[EventDate "2013.12.26"]

1. e4 c5 2. Nf3 d6 3. d4 cxd4 4. Nxd4 Nf6 5. Nc3 Nc6 6. Bb5 Bd7 7. Bxc6 Bxc6 8.
Nxc6 bxc6 9. O-O e5 10. Bg5 Be7 11. Qd3 h6 12. Bxf6 Bxf6 13. Rfd1 Be7 14. Qc4
Qb6 15. Qb3 Qxb3 16. axb3 O-O 17. Ra6 Rfc8 18. Rda1 Rc7 19. f3 Bg5 20. Kf2 g6
21. Rd1 Rd8 22. Ra5 f5 23. exf5 gxf5 24. g3 h5 25. f4 exf4 26. gxf4 Bxf4 27.
Rxf5 Rf8 28. Rxf8+ Kxf8 29. h3 h4 30. Ne4 d5 31. Nc5 Rf7 32. Ne6+ Ke7 33. Nxf4
Rxf4+ 34. Ke3 Re4+ 35. Kf3 Kd6 36. Ra1 Re7 37. Ra4 Rh7 38. c3 Ke5 39. Ke3 c5
40. Ra5 Re7 41. Ra4 Rh7 42. Ra5 Re7 43. Ra4 Kf5+ 44. Kf3 Kg5 45. Rg4+ Kh5 46.
Ra4 Rb7 47. Ra5 Rc7 1/2-1/2

[Event "DVM U12 2013"]
[Site "Lichtenfels-Schney GER"]
[Date "2013.12.28"]
[Round "3"]
[White "Salem Elier, Ali"]
[Black "Schrägle, Thorsten"]
[Result "1-0"]
[Termination "normal"]
[Board "9.3"]
[WhiteElo "1206"]
[BlackElo "1271"]
[WhiteTeam "SF Dortmund-Brackel 1930"]
[BlackTeam "SR Spaichingen"]
[WhiteFideId "16217543"]
[BlackFideId "16224248"]
[EventCountry "GER"]
[EventRounds "7"]
[EventType "team-swiss"]
[EventDate "2013.12.26"]

1. e4 e6 2. d4 d5 3. Nc3 Bb4 4. e5 c5 5. a3 cxd4 6. axb4 dxc3 7. bxc3 Qc7 8.
Qd4 Nc6 9. Bb5 a6 10. Bxc6+ Qxc6 11. f4 Ne7 12. Nf3 Bd7 13. O-O O-O 14. Ba3
Rac8 15. b5 axb5 16. Bxe7 Rfe8 17. Bb4 h6 18. Nd2 Qc7 19. Nb3 Bc6 20. Ba5 Qe7
21. Bb4 Qc7 22. Bd6 Qd7 23. Na5 g6 24. Nb3 Kg7 25. f5 gxf5 26. Rxf5 Rg8 27.
Raf1 Qe8 28. Rf6 Kh7 29. Qd3+ Kg7 30. Qg3+ Kh7 31. Rxf7+ Kh8 32. Qh4 Rxg2+ 33.
Kxg2 Qg8+ 34. Qg3 d4+ 35. Kg1 Qxg3+ 36. hxg3 Be8 37. Rf8+ Kg7 38. Nxd4 Ra8 39.
Nxe6+ Kh7 1-0

[Event "DVM U12 2013"]
[Site "Lichtenfels-Schney GER"]
[Date "2013.12.28"]
[Round "3"]
[White "Hengstler, Lukas"]
[Black "Riede, Niklas"]
[Result "1-0"]
[Termination "normal"]
[Board "9.4"]
[WhiteElo "1014"]
[BlackElo "1081"]
[WhiteTeam "SR Spaichingen"]
[BlackTeam "SF Dortmund-Brackel 1930"]
[WhiteFideId "16232763"]
[EventCountry "GER"]
[EventRounds "7"]
[EventType "team-swiss"]
[EventDate "2013.12.26"]

1. e4 e5 2. d4 exd4 3. Bc4 d6 4. Nf3 Nc6 5. Nxd4 Nxd4 6. Qxd4 c5 7. Qd5 Qd7 8.
Nc3 Nf6 9. Qd3 g6 10. Nd5 Bg7 11. Bh6 Nxd5 12. Bxg7 Rg8 13. Qxd5 Rxg7 14. O-O-O
Ke7 15. e5 Kd8 16. exd6 Qc6 17. Qg5+ Kd7 18. Qe7# 1-0

[Event "DVM U12 2013"]
[Site "Lichtenfels-Schney GER"]
[Date "2013.12.28"]
[Round "3"]
[White "Kowalski, Ben Wito"]
[Black "Bock, Alexander"]
[Result "1-0"]
[Termination "normal"]
[Board "10.1"]
[WhiteElo "1721"]
[BlackElo "1283"]
[WhiteTeam "Stader SV"]
[BlackTeam "SG Blau-Weiß Stadtilm"]
[WhiteFideId "12956171"]
[EventCountry "GER"]
[EventRounds "7"]
[EventType "team-swiss"]
[EventDate "2013.12.26"]

1. f4 Nf6 2. g3 g6 3. Bg2 Bg7 4. e4 O-O 5. d3 d6 6. Nf3 c5 7. O-O Nc6 8. c3 a6
9. Na3 Qc7 10. Nc2 b5 11. Re1 Rb8 12. d4 Rd8 13. Qe2 b4 14. e5 Nd7 15. d5 Na7
16. cxb4 cxb4 17. e6 Nf6 18. exf7+ Kxf7 19. Ng5+ Kf8 20. Nd4 Qb7 21. Nde6+ Bxe6
22. Qxe6 Ke8 23. Qf7+ Kd7 24. Rxe7+ Kc8 25. Rxb7 Rxb7 26. Bh3+ Kb8 27. Qe6 Nb5
28. Bg2 Re8 29. Qh3 Rc7 30. Ne6 Rce7 31. Bf3 Kb7 32. Qf1 Rc8 33. Bd2 Kb6 34.
Rc1 Rb8 35. Qc4 1-0

[Event "DVM U12 2013"]
[Site "Lichtenfels-Schney GER"]
[Date "2013.12.28"]
[Round "3"]
[White "Langenhan, Moritz Benedikt"]
[Black "Hammann, Moritz"]
[Result "0-1"]
[Termination "normal"]
[Board "10.2"]
[WhiteElo "1260"]
[BlackElo "1321"]
[WhiteTeam "SG Blau-Weiß Stadtilm"]
[BlackTeam "Stader SV"]
[WhiteFideId "12976520"]
[BlackFideId "12982040"]
[EventCountry "GER"]
[EventRounds "7"]
[EventType "team-swiss"]
[EventDate "2013.12.26"]

1. e4 c5 2. Nf3 Nc6 3. Bc4 d6 4. Nc3 Nf6 5. d3 g6 6. Be3 Bg7 7. Qd2 O-O 8. O-O
Bd7 9. Bh6 Rc8 10. Bxg7 Kxg7 11. Rfe1 a6 12. e5 Ng4 13. e6 fxe6 14. Bxe6 Bxe6
15. Rxe6 Qd7 16. Rae1 Nge5 17. Nxe5 Nxe5 18. R6xe5 dxe5 19. Rxe5 e6 20. Qe3 Qd4
21. Rxe6 Qxe3 22. Rxe3 Rfe8 23. Ne4 Rc6 24. g4 b6 25. Kg2 Rce6 26. c3 c4 27. f3
b5 28. d4 h6 29. d5 Rd6 30. Nxd6 Rxe3 31. Ne4 Rd3 32. Kf2 Rxd5 33. Ke3 g5 34.
f4 Rd3+ 35. Ke2 gxf4 36. Nc5 Re3+ 37. Kf2 a5 38. h4 b4 39. Na4 Kg6 40. a3 bxc3
41. bxc3 Rg3 42. g5 hxg5 43. hxg5 Kxg5 44. Nc5 Kg4 45. Ne4 Rf3+ 46. Kg2 Re3 47.
Nf2+ Kh4 48. Kh2 Rxc3 49. a4 Rc2 50. Kg1 Rxf2 51. Kxf2 c3 52. Ke2 Kg3 53. Ke1
Kg2 0-1

[Event "DVM U12 2013"]
[Site "Lichtenfels-Schney GER"]
[Date "2013.12.28"]
[Round "3"]
[White "Bargsten, Justus"]
[Black "Mann, Jasmina"]
[Result "0-1"]
[Termination "normal"]
[Board "10.3"]
[WhiteElo "1297"]
[BlackElo "1149"]
[WhiteTeam "Stader SV"]
[BlackTeam "SG Blau-Weiß Stadtilm"]
[WhiteFideId "12974188"]
[BlackFideId "12984434"]
[EventCountry "GER"]
[EventRounds "7"]
[EventType "team-swiss"]
[EventDate "2013.12.26"]

1. e4 d5 2. exd5 Qxd5 3. Nc3 Qa5 4. d4 c6 5. Bd2 Qc7 6. Bc4 Nf6 7. Nf3 Bg4 8.
h3 Bh5 9. d5 Nbd7 10. Qe2 cxd5 11. Bxd5 e6 12. Bb3 Be7 13. Bg5 O-O 14. g4 Bg6
15. O-O-O h6 16. Bh4 Rfd8 17. g5 hxg5 18. Nxg5 Nc5 19. Bg3 Qc6 20. Rdg1 Nxb3+
21. axb3 Rac8 22. Nf3 Bb4 23. Ne5 Qb6 24. Nxg6 Rxc3 25. bxc3 Qa5 26. Kb1 Bxc3
27. Ne7+ Kf8 28. Ng6+ fxg6 0-1

[Event "DVM U12 2013"]
[Site "Lichtenfels-Schney GER"]
[Date "2013.12.28"]
[Round "3"]
[White "Helm, Stephan"]
[Black "Hatko, Julian"]
[Result "1-0"]
[Termination "normal"]
[Board "10.4"]
[WhiteElo "1050"]
[BlackElo "961"]
[WhiteTeam "SG Blau-Weiß Stadtilm"]
[BlackTeam "Stader SV"]
[BlackFideId "16210280"]
[EventCountry "GER"]
[EventRounds "7"]
[EventType "team-swiss"]
[EventDate "2013.12.26"]

1. e4 c5 2. Nc3 e6 3. d3 Nc6 4. Nf3 Be7 5. g3 Nf6 6. Bg2 d6 7. O-O Bd7 8. Be3
Qc7 9. d4 cxd4 10. Nxd4 O-O 11. Nxc6 Bxc6 12. Bf4 Rfd8 13. Re1 Kh8 14. Qe2 e5
15. Bg5 Rac8 16. Bxf6 Bxf6 17. Nb5 Qb6 18. c4 a6 19. Nc3 Qc5 20. b3 b5 21. Nd5
Bxd5 22. cxd5 Qa7 23. Rac1 Rxc1 24. Rxc1 Rf8 25. Qg4 Be7 26. h4 a5 27. h5 h6
28. Qe2 Qb7 29. f4 b4 30. fxe5 dxe5 31. Qd3 Bg5 32. Bh3 Bxc1 33. d6 Rd8 34. d7
Bg5 35. Qd6 Rb8 36. Qxe5 Qb6+ 37. Kg2 Rd8 38. Qe8+ Kh7 39. Bf5+ g6 40. hxg6+
fxg6 41. Qf7+ Kh8 42. Qe8+ Kg7 43. Be6 Qxe6 44. Qxe6 Kf8 45. Qd6+ Kf7 46. e5
Kg7 47. e6 Kg8 48. e7 Bxe7 49. Qxe7 Rxd7 50. Qxd7 Kh8 51. Kf3 Kg8 52. Ke4 Kf8
53. Ke5 Kg8 54. Kf6 g5 55. Qg7# 1-0